| 000 | 00687cam a22002411 4500 | ||
|---|---|---|---|
| 001 | 465581 | ||
| 003 | ARRUPE | ||
| 005 | 20150421150407.0 | ||
| 008 | 860425s1899 enk 000 0 eng d | ||
| 035 | _a(OCoLC)505197774 | ||
| 035 | _a(OCoLC)ocn505197774 | ||
| 035 | _a(CStRLIN)NYCG86-B42435 | ||
| 035 | _a(NNC)465581 | ||
| 040 |
_aNNC _cNNC |
||
| 100 | 1 |
_aSwinburne, Algernon Charles, _d1837-1909. _914795 |
|
| 245 | 1 | 0 |
_aTristram of Lyonesse,and other poems, _cby Algernon Charles Swinburne. |
| 250 | _a6th ed. | ||
| 260 |
_aLondon, _bChatto & Windus, _c1899. |
||
| 300 |
_axi, 361 p., 1 l. _c20 cm. |
||
| 500 | _a"Sixth edition." | ||
| 942 |
_2lcc _cMONOGRAPH |
||
| 999 |
_c121942 _d121942 |
||